Charakteristika jednotlivých účtov postupnosti vzájomne prepojených národných účtov
Pokračovanie príspevku z predchádzajúceho čísla. V rámci nového Európskeho systému národných a regionálnych účtov ESA 2010 treba dodržiavať určité pravidlá účtovania. V ESA 2010 sa zaznamenávajú toky a stavy v usporiadanom súbore účtov opisujúcom ekonomický cyklus od produkcie a tvorby dôchodkov cez...
Guardado en:
| Autor principal: | |
|---|---|
| Formato: | Capítulo de libro |
| Lenguaje: | eslovaco |
| Materias: | |
| Etiquetas: |
Sin Etiquetas, Sea el primero en etiquetar este registro!
|
MARC
| LEADER | 00000nla a2200000 4500 | ||
|---|---|---|---|
| 001 | 0209751 | ||
| 005 | 20240502073505.1 | ||
| 041 | 0 | |a slo | |
| 044 | |a SK | ||
| 245 | 1 | 0 | |a Charakteristika jednotlivých účtov postupnosti vzájomne prepojených národných účtov |c Zuzana Staríčková |
| 520 | |a Pokračovanie príspevku z predchádzajúceho čísla. V rámci nového Európskeho systému národných a regionálnych účtov ESA 2010 treba dodržiavať určité pravidlá účtovania. V ESA 2010 sa zaznamenávajú toky a stavy v usporiadanom súbore účtov opisujúcom ekonomický cyklus od produkcie a tvorby dôchodkov cez ich rozdelenie a prerozdelenie až po ich použitie na konečnú spotrebu. Národné účtovníctvo je založené na princípe podvojného účtovníctva rovnako pre jednotku alebo sektor.Úplná postupnosť účtov pre inštitucionálne jednotky a sektory, charakteristika systému agregátov a systému input-output tabuliek. Charakteristika jednotlivých účtov a súvah v účtovnej postupnosti národných účtov. | ||
| 610 | 2 | 0 | |a účty národné |
| 610 | 2 | 0 | |a štandardy účtovné medzinárodné |
| 610 | 2 | 0 | |a súvaha |
| 610 | 2 | 0 | |a harmonizácia |
| 610 | 2 | 0 | |a účtovníctvo podvojné |
| 100 | 1 | |a Staríčková, Zuzana | |